| 000 | 00547nam a2200217Ia 4500 | ||
|---|---|---|---|
| 008 | 180523s9999 xx 000 0 und d | ||
| 020 | _a81-7992-261-8 | ||
| 050 | _aMAIN BJ 1475.5 | ||
| 050 | _b.P44 2004 | ||
| 100 | _aPegg, Mike. | ||
| 245 | 4 | _aThe Art of encouragement / | |
| 245 | 0 | _cMike Pegg. | |
| 260 | _aMumbai : | ||
| 260 | _bJaico Publishing, | ||
| 260 | _c2004 | ||
| 300 | _a159 pages : | ||
| 300 | _billustrations ; | ||
| 300 | _c22 cm. | ||
| 650 | _aEncouragement. | ||
| 650 | _xEncouragement -- Quotations, maxims, etc. | ||
| 999 |
_c356528 _d356528 |
||